01636nam a2200397Ia 4500001001200000003000800012006001900020007001500039008004100054010001700095015001500112020001500127020001500142040002100157035002100178050002600199082002100225100001700246245012300263260004400386300001500430504006400445533015200509650005900661650006700720650006400787650005800851650003000909650004200939650003400981650002801015650002301043655002901066710001701095856012601112ebr10061002CaPaEBRm u cr cn|||||||||911114s1992 enk sb 001 0 eng d z 91043624  aGB92-39793 z0203359208 z0415049288 aCaPaEBRcCaPaEBR a(OCoLC)25292158914aPR878.F45bP94 1992eb04a823/.80992872201 aPykett, Lyn.15aThe "improper" feminineh[electronic resource] :bthe women's sensation novel and the new woman writing /cLyn Pykett. aLondon ;aNew York :bRoutledge,c1992. axi, 235 p. aIncludes bibliographical references (p. 215-224) and index. aElectronic reproduction.bPalo Alto, Calif. :cebrary,d2009.nAvailable via World Wide Web.nAccess may be limited to ebrary affiliated libraries. 0aEnglish fictionxWomen authorsxHistory and criticism. 0aFeminism and literaturezGreat BritainxHistoryy19th century. 0aWomen and literaturezGreat BritainxHistoryy19th century. 0aEnglish fictiony19th centuryxHistory and criticism. 0aFemininity in literature. 0aFictionxAuthorshipxSex differences. 0aSensationalism in literature. 0aSex role in literature. 0aSex in literature. 7aElectronic books.2local2 aebrary, Inc.40uhttp://site.ebrary.com/lib/rucke/Doc?id=10061002zAn electronic book accessible through the World Wide Web; click to view